Applied mechanics (Record no. 22362)

000 -LEADER
fixed length control field 00476nam a22001817a 4500
001 - CONTROL NUMBER
control field 22362
003 - CONTROL NUMBER IDENTIFIER
control field BD-DhUET
008 - FIXED-LENGTH DATA ELEMENTS--GENERAL INFORMATION
fixed length control field 150426b xxu||||| |||| 00| 0 eng d
040 ## - CATALOGING SOURCE
Original cataloging agency DLC
Transcribing agency DLC
Modifying agency BD-DhUET
082 ## - DEWEY DECIMAL CLASSIFICATION NUMBER
Classification number 620.1
Item number WAL/1957
100 ## - MAIN ENTRY--PERSONAL NAME
Personal name Walker, J. D.
245 ## - TITLE STATEMENT
Title Applied mechanics
Remainder of title For national certificate
250 ## - EDITION STATEMENT
Edition statement 1st ed.
260 ## - PUBLICATION, DISTRIBUTION, ETC. (IMPRINT)
Place of publication, distribution, etc. London
Name of publisher, distributor, etc. The English Universities Press
Date of publication, distribution, etc. 1957
300 ## - PHYSICAL DESCRIPTION
Extent xii,475p.
Other physical details Ill.
650 #0 - SUBJECT ADDED ENTRY--TOPICAL TERM
Topical term or geographic name as entry element Applied mechanics
942 ## - ADDED ENTRY ELEMENTS (KOHA)
Koha item type General Book
Holdings
Sublocation or collection (holding branch) Source of classification or shelving scheme Koha full call number Damaged status Not for loan Koha normalized classification for sorting Piece designation (barcode) Price effective from Koha date last seen Copy number Koha item type Withdrawn status Date acquired Lost status Location (home branch) Shelving location
Central Library, BUET 620.1/WAL/1957  620_100000000000000_WAL_1957237962015-04-262015-04-261General Book 2015-04-26 Central Library, BUETCirculation section